Statistics for Football players who have played for Chelsea and Everton

Click here to take the quiz!

General Stats

  • This quiz has been taken 541 times
    (370 since last reset)
  • The average score is 3 of 22

Answer Stats

Years at ChelseaYears at EvertonPlayer% Correct
2011-2014,2021-present2013-2014 (loan),2014-2017Romelu Lukaku
75%
2018-20222010-2018Ross Barkley
75%
2013-20142014-2015Samuel Eto'o
39%
2014-20212018-2019 (loan)Kurt Zouma
34%
2015-20172021-2023Asmir Begović
27%
1995-19982000Mark Hughes
20%
1989-19931993-1997Graham Stuart
17%
1983-19881988-1992Pat Nevin
16%
1992-19971998 (loan), 1998-1999John Spencer
9%
1978-19791976-1978Duncan McKenzie
6%
1984-19851981Mickey Thomas
5%
1971-19791979-1981Gary Stanley
4%
1995-19971997-2000Terry Phelan
4%
1945-19471937-1945Tommy Lawton
4%
1919-19231923-1925Jack Cock
3%
1921-19261921,1926Ben Howard Baker
2%
1956-19581958-1960Bobby Laverick
1%
1907-19081906-1907Fred Rouse
1%
1907-19141902-1904Jack Whitley
1%
1905-19061895-1898John Tait Robertson
1%
1905-19081898-1899Jack Kirwan
0%
1905-19061903-1905Tom McDermott
0%

Score Distribution

Percentile by Number Answered

Percent of People with Each Score

Your Score History

You have not taken this quiz since the last reset